Gminy i miasta w powiecie Łomżyńskim - Statystyki

Ogólne statystyki
  • Ten quiz został rozwiązany 61 razy
  • Średni wynik to 4 z 12
Statystyki odpowiedzi
Odpowiedź % Poprawnych
Łomża
89%
Nowogród
67%
Jedwabne
56%
Gmina Łomża
36%
Gmina Nowogród
33%
Gmina Piątnica
31%
Gmina Jedwabne
25%
Gmina Śniadowo
22%
Gmina Wizna
22%
Gmina Miastkowo
19%
Gmina Zbójna
19%
Gmina Przytuły
14%
Nie znaleziono quizów pasujących do podanych kryteriów
Rozkład punktacji
Procent ludzi z każdym wynikiem
Percentyl według liczby udzielonych odpowiedzi
Twoja historia wyników
Nie rozwiązałeś tego quizu